| 000 | 00939nam a2200337 a 4500 | ||
|---|---|---|---|
| 003 | AR-BaBNM | ||
| 005 | 20251128204902.0 | ||
| 008 | 082120s2002 ||||||||||||||000 | spa|| | ||
| 020 | _a84-7133-644-8 | ||
| 040 | _cAR-BaBNM | ||
| 100 | 1 | _aJones, Neville | |
| 245 | 0 | 0 | _aOrganización y función directiva en los centros de integración |
| 250 | _a1ª ed. | ||
| 260 |
_aMadrid _bLa Muralla _c1995 |
||
| 300 | _a231 p. | ||
| 490 | 0 | _aAula abierta | |
| 500 | _aReferencias al final de cada capítulo | ||
| 650 | 4 | _aPROGRAMAS DE EDUCACION ESPECIAL | |
| 650 | 4 | _aINTEGRACION ESCOLAR | |
| 650 | 4 | _aTUTORIA | |
| 650 | 4 | _aPROFESORES-TUTORES | |
| 650 | 4 | _aALUMNOS DEFICIENTES | |
| 650 | 4 | _aNECESIDADES DEL ALUMNO | |
| 651 | 4 | _aEspaña | |
| 653 | _aEDUCACION SECUNDARIA | ||
| 653 | _aEXPERIENCIAS EDUCATIVAS | ||
| 700 | 1 | _aSouthgate, Tim | |
| 800 | 1 |
_aCasanova, María Antonia _edirector |
|
| 942 | _cBK | ||
| 998 | _cCarmen | ||
| 999 |
_c9193 _d9193 |
||